Größte Stadien Deutschlands - Statistiken

Allgemein
  • Dieses Quiz wurde 100 mal gespielt
  • Das Durchschnittsergebnis liegt bei 5 aus 15
Antwortstatistiken
Größe Stadionname % Korrekt
81365 Westfalenstadion
89%
57274 Volksparkstadion
52%
74228 Olympiastadion Berlin
48%
54067 Borussia Park
45%
58000 Waldstadion
43%
61673 Arena AufSchalke
34%
69250 Olympiastadion München
33%
60450 Neckarstadion
30%
49780 Fritz Walter Stadion
27%
50000 Max Morlock Stadion
27%
50374 Müngersdorfer Stadion
27%
49000 Niedersachsenstadion
21%
44345 Zentralstadion
21%
54600 Düsseldorf Arena oder Rheinstadion
20%
75024 Stadion am Kurt Landauer Weg
3%
Keine übereinstimmenden Quizze gefunden
Verteilung der Resultate
Anzahl Personen mit jedem Resultat
Perzentil nach korrekt beantworteten Fragen
Ihre Resultats-Entwicklung
Sie haben dieses Quiz noch nicht gespielt